000 00293nam a22001097a 4500
082 _aP-790
100 _aMuhammad Asim
_951450
245 _aDeep Excavation Support System in Urban Environment
_bSyn#31
526 _a0
_b0
_c0
_dP_790
700 _aCol Dr Kamran Akhtar
_951451
942 _2ddc
_cBK
999 _c554128
_d554128